000 00664nam a22002417a 4500
003 UA-OsUOA
001 43869
007 ta
008 20070127b un ||||| |||| 00| 0 ukr d
100 _aСкупейко Л.І.
090 _a82,09(477)
_bС46
942 _cBK
040 _aUA-OsUOA
_bukr
_cUA-OsUOA
_dUA-OsUOA
245 _aМіфопоетика "Лісової пісні" Лесі Українки
300 _a416 с.
955 _a4
041 _aukr
080 _a82,09(477)
020 _a966-651-271-8
260 _aК.
_bФенікс
_c2006
650 7 _a82 Література. Літературознавство
_2UDC
999 _c329995
_d329995